000 01359nam a2200313 a 4500
001 000027218
003 DO-SdBPM
005 20260202111512.0
007 ta
008 110330s2000 dr 000 | spa d
020 _a9993433136
040 _aDO-SdBPM
_bspa
_cBPMSU
_drda
049 _a
082 4 _a917.7293
_bC961v 2000
_222
245 0 _aCuatro visiones de Santo Domingo :
_bVasconcelos, Araquistain, Inman y Ugarte /
_ccompilado porJulio Jaime Julia ; editado por José Rafael Vargas, Tomás Castro Burdiez.
260 _aSanto Domingo :
_b[s.n.],
_c2000.
_fMediabyte
300 _a65 p. ;
_c21 cm.
336 _atexto
_btxt
_2rdacontent
337 _asin mediación
_bn
_2rdamedia
338 _avolumen
_bnc
_2rdacarrier
505 0 _aLiminar / Julio Jaime Julia, 9.-- Santo Domingo / José Vasconcelos, 11.-- La mano de hierro / Luis Araquistain, 33.-- En la cuna de América / Samuel Guy Inman, 53.-- El Naufragio de las Antillas / Manuel Ugarte, 57.
651 7 _aSanto Domingo, (República Dominicana ) -- Descripciones y viajes
651 7 _aSanto Domingo (República Dominicana)
_xDescripciones y viajes
_xHistoria
_2
700 1 _aJulia, Julio Jaime
_d1922-1993
_ecompilador
700 1 _aVargas, José Rafael,
_eeditor
700 1 _aCastro, Tomás,
_d1959-
_eeditor
910 _aVMateo V. Control de calidad. BPMSU
942 _2ddc
_cBK
999 _c15552
_d15552